00723nam a22001817a 450000500170000001000150001702000300003203500140006203700130007608200100008910000180009924501220011725000080023926000680024727001560031530000430047170000270051420210111115258.0 aENG-128739 a978-93-534-3541-7c799.00 aEN-112271 bDBAD/PUB a658.8 aWirtz, Jochen aEssentials of Services Marketing/bJochen Wirtz and Christopher Lovelock; Adapted by Jayanta Chatterjee and Gopal Das a3rd aUttar PradeshbPearson India Education Services Pvt. Ltd.c2020 bUttar Pradeshe201301a15th Floor, Tower-B, World Trade Tower, Plot No.- 1, Block-C, Sector-16, Noidamcompanysecretary.india@pearson.comk044-66540100 avii+675p.c25cm(pbk)bIncluding Index. aLovelock, Christopher